[Event "Final Mistrzostw Polski Mlodzikow do lat 10 - Chlopcy"]
[Site "Szczyrk"]
[Date "1899-12-30"]
[Round "6.12"]
[White "Kopaczewski, Mateusz"]
[Black "Prokopiuk, Jakub"]
[Result "0-1"]
[WhiteTitle "II"]
[BlackTitle "II"]
[WhiteElo "1086"]
[BlackElo "1188"]

1. e4 c5 2. Nc3 d6 3. b3 Nf6 4. Bb2 a6 5. a4 e6 6. Nf3 b6 7. Be2 Bb7 8. d3 Nbd7
9. O-O Be7 10. Re1 O-O 11. Qd2 Qc7 12. Rad1 Rac8 13. h3 Rfd8 14. Qe3 d5 15. exd5
Nxd5 16. Nxd5 Bxd5 17. c4 Bb7 18. Bf1 Bf6 19. Ba1 Bxa1 20. Rxa1 Bxf3 21. Qxf3
Ne5 22. Qg3 Nxd3 23. Qxc7 Rxc7 24. Red1 Rcd7 25. Ra2 Nb4 26. Rxd7 Rxd7 27. Re2
Rd1 28. f3 g6 29. Kf2 Nd3+ 30. Ke3 Nc1 31. Rf2 Nxb3 32. Bd3 Ra1 33. Rc2 Rxa4 34.
Rc3 Nd4 35. g4 Ra1 36. Be4 Rh1 37. Ra3 a5 38. Kf4 Rxh3 39. Ra1 f5 40. gxf5 exf5
41. Bd5+ Kg7 42. Re1 g5+ 43. Kxg5 Nxf3+ 44. Bxf3 Rxf3 45. Re7+ Kf8 46. Kf6 Rh3
47. Ra7 Rh6+ 48. Kg5 Rg6+ 49. Kxf5 Rg1 50. Ra8+ Kg7 51. Ra7+ Kh6 52. Rb7 Rg6 53.
Re7 Rg5+ 54. Kf4 Rg6 55. Re5 Rf6+ 56. Kg4 Kg6 57. Kh4 Rf4+ 58. Kg3 Rxc4 59. Re6+
Kg5 60. Rxb6 Rc3+ 61. Kf2 a4 62. Ra6 a3 63. Ra5 Rc2+ 64. Ke1 a2 65. Kd1 Rb2 66.
Rxc5+ Kf4 0-1

[Event "Final Mistrzostw Polski Mlodzikow do lat 10 - Chlopcy"]
[Site "Szczyrk"]
[Date "1899-12-30"]
[Round "6.13"]
[White "Pawelski, Tomasz"]
[Black "Durzynski, Jan"]
[Result "1-0"]
[WhiteTitle "II"]
[BlackTitle "II+"]
[WhiteElo "1107"]
[BlackElo "1170"]

1. e4 c5 2. Nf3 e6 3. d4 cxd4 4. Nxd4 a6 5. Bd3 Nf6 6. f4 d6 7. Nd2 b5 8. c3 Be7
9. Nf1 O-O 10. Ng3 Bb7 11. O-O Nbd7 12. Bc2 Qb6 13. Kh1 Nc5 14. Qe1 Rac8 15. Nb3
Nxb3 16. Bxb3 Qc6 17. Bc2 b4 18. Bd2 d5 19. exd5 Nxd5 20. Qe4 f5 21. Qf3 bxc3
22. bxc3 Nxc3 23. Qxc6 Rxc6 24. Bb3 Nd5 25. Rfe1 Bf6 26. Rad1 Rd8 27. Ba5 Rdd6
28. Nxf5 exf5 29. Rxd5 Kf8 30. Bb4 Be7 31. Rxf5+ Bf6 32. Bd5 Rb6 33. Bxd6+ Rxd6
34. Bxb7 1-0

[Event "Final Mistrzostw Polski Mlodzikow do lat 10 - Chlopcy"]
[Site "Szczyrk"]
[Date "1899-12-30"]
[Round "6.14"]
[White "Konieczny, Marek"]
[Black "Jasiulewicz, Kamil"]
[Result "1-0"]
[WhiteTitle "II"]
[BlackTitle "II"]
[WhiteElo "1166"]
[BlackElo "1089"]

1. e4 e5 2. Bc4 Nf6 3. d3 Bc5 4. Nf3 d6 5. c3 O-O 6. h3 h6 7. Nbd2 a6 8. Qe2 b5
9. Bb3 Bb7 10. g4 g5 11. Nf1 a5 12. Ng3 a4 13. Bc2 Nh7 14. Nf5 Qf6 15. h4 Bc8
16. hxg5 hxg5 17. Rh5 Bxf5 18. exf5 Re8 19. Nxg5 Nxg5 20. Bxg5 Qg7 21. d4 Bb6
22. f6 Qxg5 23. Rxg5+ Kf8 24. Qe4 exd4 25. Rg8+ Kxg8 26. Qxe8# 1-0

[Event "Final Mistrzostw Polski Mlodzikow do lat 10 - Chlopcy"]
[Site "Szczyrk"]
[Date "1899-12-30"]
[Round "6.15"]
[White "Futyma, Dawid"]
[Black "Tim, Wojciech"]
[Result "0-1"]
[WhiteTitle "II+"]
[BlackTitle "II"]
[WhiteElo "1245"]
[BlackElo "1004"]

1. d4 d5 2. c4 e6 3. Nc3 c6 4. Nf3 dxc4 5. a4 Bb4 6. e4 b5 7. g3 Nf6 8. Qc2 Bb7
9. Bg2 Nbd7 10. O-O a6 11. Bd2 Bxc3 12. Bxc3 O-O 13. Rfe1 Qc7 14. a5 Rfd8 15.
Bb4 c5 16. dxc5 Nxc5 17. Bxc5 Qxc5 18. Rac1 Rac8 19. e5 Nd5 20. Ng5 g6 21. Ne4
Qe7 22. Nd6 Rb8 23. Qe2 Ba8 24. Bxd5 Bxd5 25. Qg4 Qc7 26. Qf4 Rf8 27. b4 Qc6 28.
Rc3 Rbd8 29. Qf6 Rxd6 30. exd6 Qxd6 31. Qd4 Qxb4 32. Ra1 Qb2 33. Rd3 Qxd4 34.
Rxd4 Rb8 35. Kf1 b4 36. Ke2 Kf8 37. Rb1 Ke7 38. Kd2 Kd6 39. f4 f5 40. Ke3 Kc5
41. Rdd1 c3 42. Rdc1 Kc4 43. Rd1 c2 44. Rd4+ Kc5 45. Rc1 b3 46. Rd2 Be4 47. g4
b2 48. Rcxc2+ Bxc2 49. Rxc2+ Kd6 50. Rxb2 Rxb2 51. gxf5 exf5 52. Kf3 Ra2 53. Kg3
h6 54. Kh4 Rxa5 55. h3 Rd5 56. Kg3 a5 57. Kh4 a4 58. Kg3 a3 59. Kh4 a2 60. Kg3
a1=Q 61. Kh4 Qe1# 0-1

[Event "Final Mistrzostw Polski Mlodzikow do lat 10 - Chlopcy"]
[Site "Szczyrk"]
[Date "1899-12-30"]
[Round "6.16"]
[White "Niesyt, Michal"]
[Black "Ziobrowski, Wojciech"]
[Result "1-0"]
[WhiteTitle "II+"]
[BlackTitle "II"]
[WhiteElo "1319"]
[BlackElo "1048"]

1. e4 e5 2. Nf3 Nc6 3. d4 exd4 4. Bc4 Nf6 5. O-O d5 6. exd5 Nxd5 7. Bxd5 Qxd5 8.
Re1+ Be6 9. Nc3 Qa5 10. Ne4 O-O-O 11. Neg5 Bb4 12. Nxe6 fxe6 13. Rxe6 Qf5 14.
Qe2 d3 15. cxd3 Rxd3 16. Bg5 Nd8 17. Re5 Qd7 18. a3 Bf8 19. Re8 Be7 20. Rxh8 Bxg5
21. Nxg5 Rd2 22. Qxd2 Qxd2 23. Nf7 1-0

[Event "Final Mistrzostw Polski Mlodzikow do lat 10 - Chlopcy"]
[Site "Szczyrk"]
[Date "1899-12-30"]
[Round "6.17"]
[White "Kisiel, Dominik"]
[Black "Witczak, Borys"]
[Result "0-1"]
[WhiteTitle "II"]
[BlackTitle "II"]
[WhiteElo "1114"]
[BlackElo "1159"]

1. e4 e5 2. Nf3 Nc6 3. Bb5 a6 4. Bxc6 dxc6 5. O-O Bg4 6. h3 h5 7. d3 Qf6 8. Nbd2
g5 9. b3 Qg7 10. Bb2 f6 11. Qe2 Be6 12. d4 g4 13. Nh4 Qg5 14. g3 O-O-O 15. Qe3
Qg7 16. Rad1 exd4 17. Bxd4 Ne7 18. Bb2 b6 19. Qe2 Kb7 20. Nc4 Rxd1 21. Rxd1 gxh3
22. a4 Ng6 23. Nf5 Bxf5 24. exf5 Nf4 25. Qd2 Nd5 26. Ne3 Bc5 27. Nxd5 Qxg3+ 28.
Kf1 Qg2+ 29. Ke2 Qxf2+ 30. Kd3 Qxf5+ 31. Kc4 Qxd5+ 32. Qxd5 cxd5+ 33. Rxd5 h2
34. Bxf6 h1=Q 35. Bxh8 Qe4+ 36. Bd4 Bxd4 37. Rxd4 Qf5 38. Rd5 Qe6 39. Kd4 c5+
40. Kc4 Kc6 41. b4 Qxd5+ 42. Kc3 Qd4+ 43. Kb3 Qxb4+ 44. Ka2 c4 45. a5 c3 46. axb6
Qb2# 0-1

[Event "Final Mistrzostw Polski Mlodzikow do lat 10 - Chlopcy"]
[Site "Szczyrk"]
[Date "1899-12-30"]
[Round "6.18"]
[White "Krawczyk, Eryk"]
[Black "Dobrowolski, Kamil"]
[Result "0-1"]
[WhiteTitle "III"]
[BlackTitle "II"]
[WhiteElo "1020"]
[BlackElo "1157"]

1. d4 Nf6 2. c4 e6 3. Nc3 Bb4 4. a3 Bxc3+ 5. bxc3 O-O 6. Nf3 Ne4 7. Qc2 f5 8. Nd2
d5 9. e3 Qh4 10. Nf3 Qf6 11. cxd5 exd5 12. Qb3 Qd6 13. Bd3 Nc6 14. Bxe4 fxe4 15.
Ng5 Bf5 16. f3 exf3 17. Nxf3 Be4 18. Qd1 Bxf3 19. gxf3 Rae8 20. Ra2 Na5 21. Rf1
Nc4 22. Re2 Re6 23. a4 Rfe8 24. Qd3 Qe7 25. e4 Qh4+ 26. Kd1 c6 27. Kc2 b5 28.
axb5 cxb5 29. Rfe1 dxe4 30. fxe4 Ra6 31. Kb3 Rb8 32. Bb2 Qe7 33. Rb1 Qc7 34. Qg3
Qb6 35. Rg2 Rb7 36. Qg5 Nxb2 37. Kxb2 b4 38. Qd5+ Kh8 39. Kc2 Qc7 40. Rg3 Rc6
41. Rb3 Rb8 42. Kd2 bxc3+ 43. Rbxc3 Rb2+ 44. Kc1 Rxc3+ 45. Kxb2 Rc2+ 46. Kb3 Qc8
47. Qa5 Qc4+ 0-1

[Event "Final Mistrzostw Polski Mlodzikow do lat 10 - Chlopcy"]
[Site "Szczyrk"]
[Date "1899-12-30"]
[Round "6.19"]
[White "Majcher, Igor"]
[Black "Kawa, Wojciech"]
[Result "1-0"]
[WhiteTitle "II"]
[BlackTitle "III"]
[WhiteElo "1129"]
[BlackElo "1101"]

1. e4 d5 2. exd5 Qxd5 3. Nc3 Qa5 4. d4 e5 5. dxe5 Qxe5+ 6. Nge2 Bb4 7. Qd4 Qxd4
8. Nxd4 Bxc3+ 9. bxc3 Nf6 10. Ba3 a6 11. Bc4 b5 12. Bb3 Nbd7 13. Nf3 c5 14. c4
O-O 15. O-O Bb7 16. c3 Bxf3 17. gxf3 Rfe8 18. Kg2 Re7 19. Bc1 Rae8 20. Be3 h6
21. Rg1 Kh8 22. Rad1 Rc8 23. Rd6 Re6 24. Rxe6 fxe6 25. cxb5 axb5 26. Bxe6 b4 27.
cxb4 cxb4 28. Rd1 Rc7 29. Bxd7 Nxd7 30. Bd2 Rb7 31. Bxb4 Rxb4 32. Rxd7 1-0

[Event "Final Mistrzostw Polski Mlodzikow do lat 10 - Chlopcy"]
[Site "Szczyrk"]
[Date "1899-12-30"]
[Round "6.21"]
[White "Pycinski, Wladyslaw"]
[Black "Adamala, Tomasz"]
[Result "0-1"]
[WhiteTitle "II"]
[BlackTitle "II"]
[WhiteElo "1194"]
[BlackElo "1049"]

1. e4 c5 2. Nf3 e6 3. d4 cxd4 4. Nxd4 a6 5. c4 Nf6 6. Nc3 Bb4 7. Qd3 d5 8. exd5
exd5 9. a3 Bxc3+ 10. Qxc3 O-O 11. Be2 Re8 12. Be3 dxc4 13. Qxc4 Nd5 14. Bd2 Nb6
15. Qd3 Nc6 16. Bc3 Bf5 17. Qd1 Nxd4 18. Qxd4 Qxd4 19. Bxd4 Nd5 20. Kd2 Rad8 21.
Bc4 Nb6 22. Kc3 Na4+ 23. Kb3 Rxd4 24. Rhe1 Nc5+ 25. Kc3 Rde4 26. Rxe4 Nxe4+ 27.
Kb4 Nd6 28. Rd1 Nxc4 29. Kxc4 Be6+ 30. Kb4 h6 31. Rc1 Bd5 32. f3 Re2 33. Rc8+
Kh7 34. Kc3 Rxg2 35. Rd8 Bxf3 36. Rd7 f5 37. Rf7 Kg6 38. Rd7 Rxh2 39. Rd6+ Kh5
40. Rd7 g5 41. Rf7 Be4 42. b3 g4 43. Kd4 Rb2 44. b4 g3 45. Rg7 g2 46. Ke3 Rb3+
47. Kf2 Rxa3 48. Rg8 Ra1 49. Rg3 Rf1+ 0-1

[Event "Final Mistrzostw Polski Mlodzikow do lat 10 - Chlopcy"]
[Site "Szczyrk"]
[Date "1899-12-30"]
[Round "6.22"]
[White "Kostrzewski, Dawid"]
[Black "Hartlinski, Tomasz"]
[Result "1/2-1/2"]
[WhiteTitle "III"]
[BlackTitle "II"]
[WhiteElo "1032"]
[BlackElo "1155"]

1. e4 c5 2. c3 d5 3. exd5 Qxd5 4. d4 cxd4 5. cxd4 e6 6. Nf3 Nf6 7. Nc3 Qd8 8. a3
Nc6 9. Bb5 Bd7 10. O-O Be7 11. h3 O-O 12. Bd3 h6 13. Bc2 Nh7 14. Ne5 f5 15. Nxd7
Qxd7 16. d5 Nd8 17. dxe6 Qxd1 18. Rxd1 Nxe6 19. Bb3 Rf6 20. Re1 Nhf8 21. Nd5 Rf7
22. Nf4 Nxf4 23. Bxf7+ Kxf7 24. Bxf4 g5 25. Bd2 Bf6 26. Bc3 Bxc3 27. bxc3 Rc8
28. Rab1 b6 29. Rbc1 Ne6 30. g3 Nc5 31. Red1 Ke6 32. Kf1 Na4 33. Re1+ Kf6 34.
Kg2 Rxc3 35. Rxc3 Nxc3 36. Rc1 Nd5 37. Rc6+ Kg7 38. Kf1 h5 39. h4 g4 40. Ke2 Kf7
41. Kd3 f4 42. Kd4 Ne7 43. Rc1 fxg3 44. fxg3 Nf5+ 45. Kd5 Nxg3 46. Kc6 Nf5 47.
Rh1 g3 48. Rg1 Kf6 49. Kb7 Ke5 50. Kxa7 Kf4 51. Kxb6 Nxh4 52. a4 Nf3 53. Rc1 g2
54. a5 h4 55. a6 h3 56. a7 h2 57. a8=Q g1=Q+ 58. Rxg1 hxg1=Q+ 59. Kb7 Qb1+ 60.
Ka7 Qa2+ 61. Kb8 Qg8+ 62. Ka7 Qg7+ 63. Qb7 Qd4+ 64. Qb6 Qd7+ 65. Qb7 Qxb7+ 66.
Kxb7 1/2-1/2

[Event "Final Mistrzostw Polski Mlodzikow do lat 10 - Chlopcy"]
[Site "Szczyrk"]
[Date "1899-12-30"]
[Round "6.23"]
[White "Przybys, Bruno"]
[Black "Mielcuch, Karol"]
[Result "0-1"]
[WhiteTitle "III"]
[BlackTitle "II"]
[WhiteElo "1021"]
[BlackElo "1143"]

1. e4 c5 2. f4 Nc6 3. Nf3 e6 4. d3 d5 5. e5 f6 6. c3 fxe5 7. fxe5 Nge7 8. Bg5 h6
9. Bh4 Qc7 10. Bxe7 Bxe7 11. d4 Bd7 12. Bd3 O-O-O 13. Nbd2 g5 14. h3 h5 15. g3
g4 16. Ng1 gxh3 17. Rxh3 h4 18. Ndf3 hxg3 19. Rxg3 cxd4 20. cxd4 Bb4+ 21. Kf2
Rdf8 22. Bf1 b6 23. a3 Be7 24. Ba6+ Kb8 25. Kg2 Qd8 26. Qc2 Bh4 27. Nxh4 Qxh4
28. Nf3 Rxf3 29. Qxc6 Qxg3# 0-1

[Event "Final Mistrzostw Polski Mlodzikow do lat 10 - Chlopcy"]
[Site "Szczyrk"]
[Date "1899-12-30"]
[Round "6.29"]
[White "Mioduszewski, Szymon"]
[Black "Wesolowski, Jeremi"]
[Result "0-1"]
[WhiteTitle "III"]
[BlackTitle "II"]
[WhiteElo "1100"]
[BlackElo "1142"]

1. c4 e5 2. Nc3 Nc6 3. Nf3 Nf6 4. g3 Bb4 5. Bg2 O-O 6. O-O d6 7. d3 Bg4 8. Bd2
Qd7 9. Re1 Rad8 10. a3 Ba5 11. b4 Bb6 12. Rb1 a6 13. b5 axb5 14. Nxb5 Bh3 15.
Bh1 Qf5 16. a4 Ng4 17. e3 h6 18. Qc2 Qf6 19. Ra1 e4 20. dxe4 Nce5 21. Qd1 Nd3
22. Re2 g5 23. Bc3 Ndxf2 24. Bxf6 Nxd1 25. Bxd8 Ngxe3 26. Nfd4 Rxd8 27. a5 Bc5
28. a6 bxa6 29. Rxa6 Rb8 30. Rd2 Bg4 31. Bf3 Bxf3 32. Nxf3 Nxc4+ 33. Kg2 Nxd2
34. Nxd2 Rxb5 35. Nf3 Rb2+ 36. Kh1 Nf2+ 37. Kg2 g4 38. Ra8+ Kg7 39. Nh4 Nd3+ 40.
Kh1 Rb1+ 41. Kg2 Rg1# 0-1

[Event "Final Mistrzostw Polski Mlodzikow do lat 10 - Chlopcy"]
[Site "Szczyrk"]
[Date "1899-12-30"]
[Round "6.31"]
[White "Skupin, Bartosz"]
[Black "Michalik, Stanislaw"]
[Result "1-0"]
[WhiteTitle "II"]
[BlackTitle "II"]
[WhiteElo "1129"]
[BlackElo "1226"]

1. e4 e6 2. d4 d5 3. e5 c5 4. Nf3 Nc6 5. Bd3 cxd4 6. O-O Qb6 7. Nbd2 Nge7 8. Nb3
Bd7 9. Bf4 Ng6 10. Bg3 Bc5 11. a4 a5 12. Bb5 h5 13. h3 h4 14. Bh2 Nb4 15. Bxd7+
Kxd7 16. Nbxd4 Nc6 17. Nb5 Na7 18. c4 Qc6 19. Rc1 Ke7 20. cxd5 exd5 21. Nfd4 Qb6
22. Nf5+ Kd7 23. Qxd5+ 1-0

[Event "Final Mistrzostw Polski Mlodzikow do lat 10 - Chlopcy"]
[Site "Szczyrk"]
[Date "1899-12-30"]
[Round "6.32"]
[White "Boryna, Szymon"]
[Black "Seo, Ian"]
[Result "1-0"]
[WhiteTitle "II"]
[BlackTitle "II"]
[WhiteElo "1008"]
[BlackElo "1129"]

1. e4 c5 2. Nf3 g6 3. g3 Bg7 4. Bg2 Nc6 5. O-O Nf6 6. Nc3 O-O 7. d3 d6 8. Be3 Bd7
9. Qe2 e6 10. Nb5 Qe7 11. Qd2 d5 12. exd5 Nxd5 13. Bh6 a6 14. Nc3 Nxc3 15. bxc3
Rfe8 16. Bxg7 Kxg7 17. Nh4 Rad8 18. f4 b5 19. Qf2 e5 20. f5 g5 21. f6+ 1-0

[Event "Final Mistrzostw Polski Mlodzikow do lat 10 - Chlopcy"]
[Site "Szczyrk"]
[Date "1899-12-30"]
[Round "7.1"]
[White "Sowinski, Pawel"]
[Black "Karaszewski, Gabriel"]
[Result "1-0"]
[WhiteTitle "I++"]
[BlackTitle "II"]
[WhiteElo "1824"]
[BlackElo "1614"]

1. c4 Nf6 2. Nc3 e6 3. g3 d5 4. cxd5 exd5 5. Bg2 c6 6. d4 Be7 7. Nf3 O-O 8. O-O
Re8 9. Re1 Nbd7 10. Qb3 Qb6 11. Qc2 Nf8 12. Bg5 Ne6 13. e4 Nxg5 14. Nxg5 g6 15.
exd5 Bf5 16. Qd2 cxd5 17. Re5 Ng4 18. Rxe7 Rxe7 19. Nxd5 Qd6 20. Nxe7+ Qxe7 21.
h3 Nf6 22. g4 Be6 23. Re1 Qd7 24. Qf4 Nd5 25. Qe5 Nc7 26. Ne4 Qd8 27. Nf6+ Kf8
28. d5 Bc8 29. Qg5 Bd7 30. Qh6# 1-0

[Event "Final Mistrzostw Polski Mlodzikow do lat 10 - Chlopcy"]
[Site "Szczyrk"]
[Date "1899-12-30"]
[Round "7.2"]
[White "Wojtacha, Krzysztof"]
[Black "Lecki, Leonard"]
[Result "1-0"]
[WhiteTitle "I"]
[BlackTitle "II"]
[WhiteElo "1524"]
[BlackElo "1373"]

1. e4 c5 2. Nf3 g6 3. d4 cxd4 4. Qxd4 Nf6 5. Nc3 Nc6 6. Qa4 d6 7. e5 dxe5 8. Nxe5
Bg7 9. Bb5 O-O 10. Nxc6 bxc6 11. Bxc6 Rb8 12. O-O Bf5 13. Re1 a5 14. a3 Qc8 15.
Rxe7 Be6 16. Ra7 Rb6 17. Bf3 Re8 18. Ra8 Rb8 19. Rxb8 Qxb8 20. Bd2 Bh6 21. Be1
Qxb2 22. Rb1 Bd7 23. Qb3 Qxb3 24. cxb3 Rxe1+ 25. Rxe1 Bd2 26. Re3 Bxe3 27. fxe3
Ng4 28. Bxg4 Bxg4 29. b4 axb4 30. axb4 Bc8 31. Kf2 f5 32. g3 Kf7 33. Kf3 Bb7+
34. Ke2 Ke6 35. Kd3 Ke5 36. h4 h6 37. b5 g5 38. h5 f4 39. g4 f3 40. Nd1 Be4+ 41.
Kd2 Kd6 42. Nc3 Bb7 43. e4 Ke5 44. Ke3 f2 45. Kxf2 Kd4 46. e5 Kxe5 47. Ke3 Bc8
48. b6 Bb7 49. Nb5 Kd5 50. Nd4 Kc5 51. Nf5 Kxb6 52. Nxh6 Ba6 53. Nf7 Bc4 54. h6
Bxf7 55. h7 Be6 56. h8=Q Bxg4 57. Qd4+ Kc7 58. Qxg4 Kb8 59. Qxg5 Ka8 60. Qe7 Kb8
61. Kd4 Ka8 62. Kc5 Kb8 63. Kb6 Ka8 64. Qb7# 1-0

[Event "Final Mistrzostw Polski Mlodzikow do lat 10 - Chlopcy"]
[Site "Szczyrk"]
[Date "1899-12-30"]
[Round "7.3"]
[White "Zmarzly, Wiktor"]
[Black "Ochedzan, Filip"]
[Result "1-0"]
[WhiteTitle "II"]
[BlackTitle "II"]
[WhiteElo "1388"]
[BlackElo "1596"]

1. c4 e5 2. Nc3 Nf6 3. g3 d5 4. cxd5 Nxd5 5. Bg2 Nb6 6. Nf3 Nc6 7. d3 Be7 8. O-O
O-O 9. a3 Re8 10. b4 Bf8 11. Be3 Nd4 12. Bxd4 exd4 13. Nb5 c5 14. bxc5 Bxc5 15.
Qc2 Qe7 16. Rfc1 Bd6 17. Nfxd4 Be5 18. e3 Bd7 19. Qb3 Rad8 20. Nxa7 Qf6 21. Rab1
Bxd4 22. exd4 Re2 23. Rf1 Na4 24. Qxb7 Bg4 25. Qc6 Qxc6 26. Nxc6 Rde8 27. Ne5
Nc3 28. Rbc1 Na2 29. Rc7 Be6 30. Bf3 Rd2 31. Rb1 f6 32. Ng4 Rxd3 33. Bc6 Rd8 34.
Rbb7 Bxg4 35. Rxg7+ Kf8 36. Rbf7# 1-0

[Event "Final Mistrzostw Polski Mlodzikow do lat 10 - Chlopcy"]
[Site "Szczyrk"]
[Date "1899-12-30"]
[Round "7.4"]
[White "Kaszuba, Michal"]
[Black "Grobelny, Mikolaj"]
[Result "1-0"]
[WhiteTitle "II"]
[BlackTitle "II+"]
[WhiteElo "1370"]
[BlackElo "1477"]

1. e4 c5 2. f4 d5 3. Bb5+ Bd7 4. Bxd7+ Qxd7 5. e5 e6 6. Nf3 Nc6 7. d3 Nge7 8. c3
h5 9. O-O Nf5 10. Na3 O-O-O 11. Nc2 d4 12. c4 f6 13. Qe1 h4 14. a3 h3 15. g3 Be7
16. b4 Rdg8 17. b5 Nd8 18. Kh1 b6 19. a4 Nb7 20. Bd2 Kc7 21. a5 Rb8 22. Qe4 Nh6
23. exf6 Bxf6 24. Rfe1 Rhe8 25. axb6+ axb6 26. Ra7 Ng4 27. Qe2 Nh6 28. Ne5 Bxe5
29. Qxe5+ Kc8 30. f5 Nxf5 31. Bf4 Nfd6 32. Qh5 Nf5 33. Bxb8 Kxb8 34. Ra6 Kc7 35.
g4 Nfd6 36. Qxh3 Na5 37. Qg3 Kb8 38. Rxb6+ Nab7 39. Qe5 Qc7 40. Ra6 Rf8 41. Rea1
Na5 42. R6xa5 Qb7+ 43. Kg1 Rf1+ 44. Kxf1 Qf3+ 45. Kg1 Qxg4+ 46. Qg3 Qxg3+ 47.
hxg3 Kc7 48. Ra7+ Nb7 49. Rxb7+ Kxb7 50. Ra6 e5 51. Re6 g5 52. Rxe5 g4 53. Re4
Kb6 54. Rxg4 Ka5 55. Rg6 Ka4 56. b6 Kb3 57. Nxd4+ 1-0

[Event "Final Mistrzostw Polski Mlodzikow do lat 10 - Chlopcy"]
[Site "Szczyrk"]
[Date "1899-12-30"]
[Round "7.6"]
[White "Butkiewicz, Jan"]
[Black "Klim, Juliusz"]
[Result "1-0"]
[WhiteTitle "II"]
[BlackTitle "II"]
[WhiteElo "1203"]
[BlackElo "1276"]

1. d4 d5 2. Bf4 Nf6 3. Nf3 Bf5 4. e3 e6 5. a3 c5 6. Bb5+ Nbd7 7. Nbd2 a6 8. Bxd7+
Nxd7 9. dxc5 Bxc5 10. c4 dxc4 11. Nxc4 O-O 12. Nce5 Nxe5 13. Bxe5 Qd3 14. Qxd3
Bxd3 15. Bd4 Bxd4 16. Nxd4 e5 17. Rd1 e4 18. f4 Rfc8 19. Kf2 Rc7 20. Rc1 Rac8
21. Rxc7 Rxc7 22. Rd1 h6 23. g4 g5 24. f5 Kg7 25. Kg3 h5 26. gxh5 Kh6 27. Kg4
Rc4 28. Rg1 b5 29. h4 gxh4 30. Kxh4 Rc8 31. f6 Rc5 32. Rg8 Rxh5+ 33. Kg4 Rd5 34.
Nf5+ Kh7 35. Rg7+ Kh8 36. Rxf7 Rc5 37. Rf8+ Kh7 38. f7 Kg6 39. Nd6 Kf6 40. Rg8
1-0

[Event "Final Mistrzostw Polski Mlodzikow do lat 10 - Chlopcy"]
[Site "Szczyrk"]
[Date "1899-12-30"]
[Round "7.7"]
[White "Jagodzinski, Jaromir"]
[Black "Pawelski, Tomasz"]
[Result "0-1"]
[WhiteTitle "II"]
[BlackTitle "II"]
[WhiteElo "1292"]
[BlackElo "1107"]

1. d4 Nf6 2. Nc3 d5 3. Bf4 e6 4. e3 a6 5. Bd3 Nc6 6. Nf3 Be7 7. h3 O-O 8. O-O Nb4
9. Be2 c5 10. a3 Nc6 11. Ne5 cxd4 12. Nxc6 bxc6 13. exd4 Bd6 14. Bxd6 Qxd6 15.
Na4 e5 16. c3 Nd7 17. Re1 e4 18. c4 Qg6 19. Kh1 Qf6 20. Kg1 Qg6 21. Rc1 Rb8 22.
b4 Nb6 23. Kh1 Qh6 24. Nxb6 Rxb6 25. Bg4 f5 26. Be2 f4 27. f3 e3 28. cxd5 cxd5
29. Qb3 Rg6 30. Rxc8 Rxc8 31. Qxd5+ Kh8 32. Bxa6 Rxa6 0-1

[Event "Final Mistrzostw Polski Mlodzikow do lat 10 - Chlopcy"]
[Site "Szczyrk"]
[Date "1899-12-30"]
[Round "7.8"]
[White "Tim, Wojciech"]
[Black "Konieczny, Marek"]
[Result "1-0"]
[WhiteTitle "II"]
[BlackTitle "II"]
[WhiteElo "1004"]
[BlackElo "1166"]

1. e4 e6 2. d4 d5 3. Nd2 Nf6 4. e5 Nfd7 5. Bd3 c5 6. c3 Nc6 7. Ne2 Qb6 8. Nf3 cxd4
9. cxd4 f6 10. exf6 Nxf6 11. O-O Bd6 12. Bf4 Bxf4 13. Nxf4 O-O 14. Qd2 Qc7 15.
Ne2 Bd7 16. Rfe1 Rae8 17. Rac1 Qb8 18. Bb1 Rc8 19. Ng3 h6 20. h3 Ne7 21. Ne5 Rxc1
22. Rxc1 Bc8 23. Qd3 Nf5 24. Nxf5 exf5 25. f3 g5 26. Re1 Nh5 27. Kh2 Nf4 28. Qb3
Be6 29. g3 Nh5 30. Qc2 Rc8 31. Qf2 f4 32. g4 Ng7 33. Qd2 Qc7 34. Qd3 Qd6 35. Qh7+
Kf8 36. Qh8+ Ke7 37. Qxg7+ Kd8 38. Nf7+ 1-0

[Event "Final Mistrzostw Polski Mlodzikow do lat 10 - Chlopcy"]
[Site "Szczyrk"]
[Date "1899-12-30"]
[Round "7.9"]
[White "Prokopiuk, Jakub"]
[Black "Chomicki, Kornel"]
[Result "1-0"]
[WhiteTitle "II"]
[BlackTitle "II"]
[WhiteElo "1188"]
[BlackElo "1320"]

1. d4 d5 2. Bf4 Bf5 3. e3 Nf6 4. c3 e6 5. Nd2 Bd6 6. Bg3 O-O 7. Ngf3 Ne4 8. Nxe4
Bxe4 9. Bd3 Bxd3 10. Qxd3 h6 11. Bxd6 Qxd6 12. g4 g6 13. Ne5 Kg7 14. h4 Nd7 15.
Nxd7 Qxd7 16. O-O-O f5 17. Rdg1 Qf7 18. gxf5 Qxf5 19. Qxf5 Rxf5 20. h5 Rf6 21.
Rg2 Kf7 22. hxg6+ Rxg6 23. Rxg6 Kxg6 24. Kd2 a5 25. Rg1+ Kf6 26. f3 Rd8 27. Ke2
b6 28. Rg4 Rh8 29. Kf2 Kf7 30. Rf4+ Ke7 31. Rg4 Kf7 32. e4 c6 33. e5 Rh7 34. Rf4+
Ke7 35. Rf6 Rh8 36. Kg3 Rg8+ 37. Kh3 h5 38. Rh6 Rf8 39. Kg3 Rf5 40. Rh7+ Kd8 41.
Rh6 Ke7 42. Rh7+ Kd8 43. Rb7 b5 44. Rb8+ Kc7 45. Rh8 Kd7 46. Rh6 Ke7 47. Rh7+
Kd8 48. Ra7 a4 49. f4 h4+ 50. Kg4 h3 51. Rh7 Rf8 52. Rxh3 Rg8+ 53. Kf3 Rg1 54.
Rh2 Rf1+ 55. Rf2 Ra1 56. a3 Rh1 57. Kg2 Rh5 58. Kg3 Rh1 59. f5 exf5 60. Rxf5 Rb1
61. Rf2 Rg1+ 62. Kf4 Rg8 63. Rh2 Rf8+ 64. Kg5 Rg8+ 65. Kf6 Rg1 66. Ke6 Rg6+ 67.
Kf7 Rg1 68. Rf2 Kd7 69. e6+ Kd6 70. e7 Re1 71. e8=Q Rxe8 72. Kxe8 c5 73. Rf6+
Kc7 74. dxc5 d4 75. cxd4 b4 76. d5 b3 77. d6+ Kc6 78. d7+ Kb7 79. d8=Q Ka7 80.
Qa5+ Kb8 81. Rb6+ Kc8 82. Qa8+ Kc7 83. Qb7# 1-0

[Event "Final Mistrzostw Polski Mlodzikow do lat 10 - Chlopcy"]
[Site "Szczyrk"]
[Date "1899-12-30"]
[Round "7.10"]
[White "Oglaza, Dawid"]
[Black "Dunda, Szymon"]
[Result "1-0"]
[WhiteTitle "II"]
[BlackTitle "II"]
[WhiteElo "1320"]
[BlackElo "1137"]

1. e4 c5 2. Nf3 e6 3. d4 cxd4 4. Nxd4 a6 5. Bd3 Qc7 6. O-O b5 7. a4 b4 8. Qe2 Bb7
9. Nd2 d6 10. N2b3 Nf6 11. Bd2 d5 12. exd5 Nxd5 13. Rfe1 Be7 14. Nxe6 fxe6 15.
Qh5+ Kd7 16. Nd4 Nc6 17. Nxe6 Nf6 18. Qf5 Qc8 19. Bf4 Ra7 20. Rad1 Ke8 21. Qg6+
Kd7 22. Bb5+ Bd6 23. Rxd6+ Ke7 24. Qxg7+ Ke8 25. Nc7# 1-0

[Event "Final Mistrzostw Polski Mlodzikow do lat 10 - Chlopcy"]
[Site "Szczyrk"]
[Date "1899-12-30"]
[Round "7.11"]
[White "Witczak, Borys"]
[Black "Niesyt, Michal"]
[Result "0-1"]
[WhiteTitle "II"]
[BlackTitle "II+"]
[WhiteElo "1159"]
[BlackElo "1319"]

1. e4 c5 2. Nf3 d6 3. d4 cxd4 4. Nxd4 Nf6 5. Nc3 g6 6. Be3 Bg7 7. f3 O-O 8. Qd2
Nc6 9. O-O-O d5 10. exd5 Nxd5 11. Nxc6 bxc6 12. Bd4 Be6 13. Bxg7 Kxg7 14. a3 Qa5
15. h4 Rfd8 16. Nxd5 Qxd2+ 17. Rxd2 Rxd5 18. Rxd5 Bxd5 19. Bd3 f5 20. h5 e5 21.
Re1 Re8 22. c4 Bf7 23. hxg6 hxg6 24. g4 Kf6 25. Kd2 Kg5 26. gxf5 gxf5 27. Ke3
Rh8 28. Rg1+ Kf6 29. b3 Rh2 30. Be2 Bg6 31. Re1 f4+ 32. Kd2 e4 33. Kd1 e3 34.
Kc1 Ke5 35. Rg1 Bf5 36. Bd1 Kd4 37. Rg5 Bd3 38. Rg4 Kc3 39. Rxf4 Ra2 40. Bc2 Ra1+
41. Bb1 Rxb1# 0-1

[Event "Final Mistrzostw Polski Mlodzikow do lat 10 - Chlopcy"]
[Site "Szczyrk"]
[Date "1899-12-30"]
[Round "7.12"]
[White "Balis, Sebastian"]
[Black "Bieronski, Nikodem"]
[Result "1-0"]
[WhiteTitle "II"]
[BlackTitle "II"]
[WhiteElo "1275"]
[BlackElo "1126"]

1. e4 e6 2. Nf3 d5 3. Nc3 Bb4 4. e5 Ne7 5. d4 c5 6. Bd2 O-O 7. a3 Bxc3 8. Bxc3
cxd4 9. Nxd4 Nbc6 10. f4 Ng6 11. Qg4 Nxd4 12. Bxd4 Qa5+ 13. c3 Qa4 14. Bd3 Bd7
15. Qf3 Bb5 16. O-O Bxd3 17. Qxd3 Qb3 18. Rf2 a5 19. a4 Rfc8 20. g3 Ne7 21. g4
Qc4 22. Rd2 Qxd3 23. Rxd3 Nc6 24. Bf2 g5 25. Be3 gxf4 26. Bxf4 Ne7 27. Ra3 Rc4
28. Rd4 Rac8 29. Rb3 Ng6 30. Bg3 Rxd4 31. cxd4 Rc4 32. Bf2 Rxa4 33. Rxb7 Nf4 34.
Kf1 Nd3 35. Be3 Nb4 36. Bh6 f5 37. exf6 Ra1+ 38. Ke2 Rh1 39. f7+ Kh8 40. Rb8#
1-0

[Event "Final Mistrzostw Polski Mlodzikow do lat 10 - Chlopcy"]
[Site "Szczyrk"]
[Date "1899-12-30"]
[Round "7.13"]
[White "Dobrowolski, Kamil"]
[Black "Kozak, Karol"]
[Result "0-1"]
[WhiteTitle "II"]
[BlackTitle "II"]
[WhiteElo "1157"]
[BlackElo "1271"]

1. d4 Nf6 2. Nf3 d5 3. e3 e6 4. c4 c5 5. Nc3 b6 6. Bd3 Bb7 7. O-O Nbd7 8. Bd2 Bd6
9. Re1 O-O 10. Rc1 a6 11. a4 e5 12. dxe5 Nxe5 13. Nxe5 Bxe5 14. f4 Bc7 15. Qc2
h6 16. cxd5 Nxd5 17. Nxd5 Bxd5 18. Bc3 c4 19. Bf5 Re8 20. Rcd1 Qd6 21. Be5 Rxe5
22. fxe5 Qxe5 23. g3 Re8 24. Bh3 Bf3 25. Rd4 b5 26. axb5 Bb6 27. Rxc4 Bxe3+ 28.
Kf1 Qf6 29. Qf5 Bg2+ 30. Kxg2 Qxb2+ 31. Kh1 Qd2 32. Qf1 axb5 33. Rc7 f6 34. Rc8
Rxc8 35. Bxc8 Bf2 36. Re2 Qd5+ 37. Qg2 Qd1+ 0-1